Reflexiones sobre la vida y la muerte / (Registro nro. 7712)

Detalles MARC
000 -LIDER
fixed length control field 01110nam a2200337 a 4500
001 - NÚMERO DE CONTROL
Identificador de número de control 000028451
003 - IDENTIFICACDOR DE NÚMERO DE CONTROL
control field DO-SdBNP
005 - DATE AND TIME OF LATEST TRANSACTION
control field 20180213111005.0
007 - CAMPOS FIJOS DE DESCRIPCIÓN FÍSICA
fixed length control field 000028451
008 - ELEMENTOS DE LONGITUD FIJA
fixed length control field 110408s2010 dr a 001 e spa d
020 ## - ISBN
International Standard Book Number 9789945460759
040 ## - FUENTE DE CATALOGACIÓN
Agencia que crea de manera original el registro BPMSU
Idioma de catalogación spa
Agencia que realiza la transcripción BPMSU
092 ## - LOCALLY ASSIGNED DEWEY DECIMAL CALL NUMBER
Número de clasificación RD864.44
Número de ítem (Cutter) S211r, 2010
100 1# - ASIENTO PRINCIPAL -- NOMBRE PERSONAL
Nombre personal Sánchez Guerrero, Natacha
245 10 - MENCIÓN DE TITULO
Título Reflexiones sobre la vida y la muerte /
Mención de responsabilidad Natacha Sánchez ; dibujos de Barbara Bosch.
250 ## - MENCIÓN DE EDICION
Mención de edición 2ª ed.
260 ## - PUBLICACIÓN, DISTRIBUCIÓN, ETC. (PIE DE IMPRENTA)
Lugar de publicación, distribución, etc Santo Domingo :
Nombre del editor, distribuidor, etc. Santuario,
Fecha de publicación, distribución, etc 2010.
300 ## - DESCRIPCIÓN FÍSICA
Extensión 106 p. :
Otros detalles físicos 24 cm.
490 1# - MENCIÓN DE SERIES
Mención de serie Santuario
500 ## - NOTA GENERAL
Nota general Incluye datos biográficos de la autora en la solapa de la cubierta.
650 #4 - ENCABEZAMIENTO DE MATERIA--TEMÁTICO
Término temático o nombre geográfico como elemento de entrada ENSAYOS DOMINICANOS
650 #4 - ENCABEZAMIENTO DE MATERIA--TEMÁTICO
Término temático o nombre geográfico como elemento de entrada LITERATURA DOMINICANA
650 #4 - ENCABEZAMIENTO DE MATERIA--TEMÁTICO
Término temático o nombre geográfico como elemento de entrada DIARIOS DOMINICANOS
Subdivisión temática general SECCIONES, COLUMNAS, ETC.
700 12 - ASIENTO SECUNDARIO -- NOMBRE PERSONAL
Nombre personal Bosch, Barbara,
Mención de responsabilidad il.
730 0# - ADDED ENTRY--UNIFORM TITLE
Uniform title El Nacional (República Dominicana)
Name of part/section of a work Suma para la Convivencia
830 #0 - ASIENTO SECUNDARIO DE SERIE--TÍTULO UNIFORME
Título uniforme Santuario
910 ## - VALIDACIÓN
Validación Validado. Control de calidad EMS
942 ## - ADDED ENTRY ELEMENTS (KOHA)
Source of classification or shelving scheme Dewey Decimal Classification
Koha item type Libros
945 ## - INFORMACIÓN DE PROCESAMIENTO LOCAL
Información de procesamiento local Inventariado / 2017 VM
956 ## - LOCAL ELECTRONIC LOCATION AND ACCESS (OCLC)
Nombre de host VMATEO
Número de acceso 10
Información de compresión 20150427
Inicio de sesión BPMSU
Procesador de solicitud 00151
Existencias
Withdrawn status Lost status Source of classification or shelving scheme Damaged status Not for loan Home library Current library Date acquired Total Checkouts Full call number Barcode Date last seen Price effective from Koha item type Copy number
    Dewey Decimal Classification     Biblioteca Pública Metropolitana Salomé Ureña Biblioteca Pública Metropolitana Salomé Ureña 04/27/2015   RD864.44 S211r 2010 BPMSU15040739 04/27/2015 04/27/2015 Libros  
    Dewey Decimal Classification     Biblioteca Pública Metropolitana Salomé Ureña Biblioteca Pública Metropolitana Salomé Ureña 04/27/2015   RD864.44 S211r 2010 BPMSU15041399 04/27/2015 04/27/2015 Libros e. 2